000 00961nam a22001697a 4500
008 090826t xxu||||| |||| 00| 0 eng d
082 _bب ي ن
_a245
100 1 _98668
_aبينيس، س.
245 _aمذهب الذرة عند المسلمين :
_bوعلاقتة بمذاهب اليونان والهنود ومعه فلسفة محمد بن زكريا الرازي /
_cس. بينيس ؛ نقلة عن الألمانية محمد عبد الهادي أبو زيدة
260 _aالقاهرة :
_bمكتبة النهضة المصرية ،
_c1946.
300 _a162 ص
_c24 سم.
504 _aيحتوي علي فهارس وارجاعات ببليوجرافية
650 0 _98719
_aعلم الكلام
_xمذاهب
700 1 _98665
_aأبو زيده، محمد عبد الهادي
942 _2ddc
_cBB
999 _c12710
_d12710